Statistics for Animals that Start with P

Click here to take the quiz!

General Stats

  • This quiz has been taken 49,848 times
    (37,316 since last reset)
  • The average score is 15 of 20

Answer Stats

Clue Animal % Correct
Flightless bird that survives
Antarctic winters
Penguin
98%
Baby dogPuppy
97%
Farm animal featured in BabePig
96%
Bird on a pirate's shoulderParrot
95%
Black jaguar or leopardPanther
88%
Very long type of snakePython
86%
Duck-billed, egg-laying mammalPlatypus
84%
Water bird with a throat pouchPelican
83%
Sharp-toothed South American river fishPiranha
79%
Rodent covered with defensive quillsPorcupine
78%
DovePigeon
77%
First day of Christmas giftPartridge
76%
Males have "eyes" on their feathersPeafowl
76%
The tiny organisms at the bottom
of the ocean's food chain
Plankton
76%
Order of mammals that includes
monkeys, apes and lemurs
Primate
74%
Pack ice hunterPolar Bear
72%
ShrimpPrawn
70%
Relative of whales and dolphinsPorpoise
58%
"Kissing" rodent of the Great PlainsPrairie Dog
37%
Type of auk with a bright orange beakPuffin
33%

Score Distribution

Percentile by Number Answered

Percent of People with Each Score

Your Score History

You have not taken this quiz since the last reset